| 000 | 00906nam0a2200265 4500 | ||
|---|---|---|---|
| 001 | RU\NLR\BIBL_A\011591052 | ||
| 005 | 20250626094731.0 | ||
| 035 | _a(NLR Aleph) 011591052 | ||
| 090 |
_a10838479 _c10838479 |
||
| 100 | _a20180112d1948 |||y0rusy50 ca | ||
| 101 | 0 | _aabk | |
| 102 | _aRU | ||
| 105 | _ay z 000 y | ||
| 200 | 1 |
_aАжәаеинраалақәа _dСтихи _fБаграт Шынқәба |
|
| 210 |
_aАҟуа _cАҧҳәынҭшәҟәҭыжырҭа _d1948 |
||
| 215 |
_a95, [3] с. _d20 |
||
| 300 | _aГрафика на груз. основе | ||
| 510 | 1 |
_aСтихи _zrus |
|
| 686 | 1 | _aШ6(2=Аб)7-5 | |
| 700 | 1 |
_4070 _7ca _8rus _aШинкуба _bБ. В. _f1917-2004 _gБаграт Васильевич _9249954 _3RU\NLR\AUTH\770250010 |
|
| 852 |
_aNLR _bОНЛ _jАбхаз./2-171 |
||
| 852 |
_aNLR _bОНЛ _jАбхаз./2-171 |
||
| 942 | _cBOOK | ||
| 980 | _aNB | ||